Parents as partners in youth ministry. (Record no. 12489)

000 -LEADER
fixed length control field 00625nam a2200181 a 4500
001 - CONTROL NUMBER
control field :::00010291$&:&@@
003 - CONTROL NUMBER IDENTIFIER
control field OkBaRHE
005 - DATE AND TIME OF LATEST TRANSACTION
control field 20000607103357.0
008 - FIXED-LENGTH DATA ELEMENTS--GENERAL INFORMATION
fixed length control field s1985 j 000 0 eng u
040 ## - CATALOGING SOURCE
Transcribing agency
100 1# - MAIN ENTRY--PERSONAL NAME
Personal name Pearson, Darrell.
245 10 - TITLE STATEMENT
Title Parents as partners in youth ministry.
Statement of responsibility, etc Join forces with parents to expand and strengthen your ministry.
260 ## - PUBLICATION, DISTRIBUTION, ETC. (IMPRINT)
Place of publication, distribution, etc Wheaton, IL., :
Name of publisher, distributor, etc Scripture Press
Date of publication, distribution, etc c1985
300 ## - PHYSICAL DESCRIPTION
Extent 64 p. : illus. ;
Dimensions 28 cm.
650 ## - SUBJECT ADDED ENTRY--TOPICAL TERM
Topical term or geographic name as entry element Church Work with Youth
942 ## - ADDED ENTRY ELEMENTS (KOHA)
Source of classification or shelving scheme
Koha item type Books
Copies
Source of classification or shelving scheme Damaged status Copy number Date last seen Withdrawn status Full call number Koha item type Price effective from Shelving location Permanent Location Lost status Barcode Not for loan Date acquired
  12010-04-14 BV 4447 .P44Books2010-04-14General StacksRHEMA Bible Training College 10291 2010-04-14